Towards delinquency control (Record no. 495729)

000 -LEADER
fixed length control field 00430cam a22001097a 4500
008 - FIXED-LENGTH DATA ELEMENTS--GENERAL INFORMATION
fixed length control field 180718b1979 xxu||||| |||| 00| 0 eng d
082 ## - DEWEY DECIMAL CLASSIFICATION NUMBER
Classification number Q87x54 N213
245 ## - TITLE STATEMENT
Title Towards delinquency control
Statement of responsibility, etc. by National Institute of Social Defence, Ministry Of Social Welfare
260 ## - PUBLICATION, DISTRIBUTION, ETC.
Place of publication, distribution, etc. New Delhi
Name of publisher, distributor, etc. National Institute of Social Defence
Date of publication, distribution, etc. 1979
300 ## - PHYSICAL DESCRIPTION
Extent 127p.
700 ## - ADDED ENTRY--PERSONAL NAME
Personal name India. Ministry Of Social Welfare. National Institute of Social Defence
Holdings
Withdrawn status Lost status Damaged status Not for loan Permanent Location Current Location Date acquired Full call number Barcode Date last seen Price effective from Koha item type
        Indian Institute of Public Administration Indian Institute of Public Administration 2018-08-04 Q87x54 N213 GG19190 2018-08-04 2018-08-04 GG

Powered by Koha